00801nam a22002297a 4500999001900000005001700019010001300036020002200049035001300071037001600084082001600100100001700116245004900133260003600182270004200218300002600260500004000286650005700326650002800383942002500411952013500436 c131307d13130720181218122216.0 aA-680595 c00.00a0863113842 aA-680595 bCen Lib/Ret a954.11bPUR aPuri, Balraj aKashmir towards insurgency /cby Balraj Puri bOrient LongmanaNew Delhic1993 a1/24 Asaf Ali RoadbNew Delhie110002 aviii,107p. c20cm(Hb) aIncludes bibliographical references aJammu and Kashmir (India) -- Politics and government aPolitics and government 2ddccENh954.11mPUR 00104070aLbLd2015-07-14eCen Lib/Retg0.00l2o954.11 PURpA-680595r2018-12-14 00:00:00s2018-12-07t1v0.00w2015-07-14yEN